000 00892nam a22003017a 4500
001 BR9601116
003 BR-BrBNA
005 20230928094931.0
007 ta
008 230509b bl.||||| |||| 00| 0 por d
040 _aBR-BrBNA
_bpor
_cBiblioteca Nacional de Agricultura
041 _a(Por)
072 _aF01; E16; E70
_b0180
090 _ 0180 BR9601116
110 1 _aMinisterio da Agricultura, Brasilia, DF (Brasil). Escritorio Central de Planejamento e Controle
_96800
245 1 _aTrigo plano integrado vertical. Vol. 1 - Diagnostico. vol. 2 - Desenvolvimento da Cultura
260 3 _aBrasilia, DF (Brasil):
_c1969.
300 _a[vp]
650 _aTrigo
650 _aPratica Cultural
650 _aProducao
650 _aCusto
650 _aArmazenamento
650 _aAbastecimento
650 _aImportacao
909 _a202309
_bLucia
_c55
_dLucia Elande
942 _cBK
999 _c53517
_d53517